| 000 | 00397nam a2200157Ia 4500 | ||
|---|---|---|---|
| 005 | 20241203011126.0 | ||
| 008 | 240331s9999 xx 000 0 und d | ||
| 082 |
_bKAI _a894 |
||
| 100 | _aKailasapathy, K | ||
| 245 | 0 | _aOn art and literature | |
| 260 |
_aMadras _bNew Century Book House Private Ltd., _c1986 |
||
| 300 | _aX, 147 p ., | ||
| 650 | _aTamil Literary | ||
| 650 | _aPoems | ||
| 942 | _cL | ||
| 999 |
_c3411 _d3411 |
||